Statistiques concernant Effectif Espagne - Coupe du Monde 2010

Cliquez ici pour prendre le quiz!

Statistiques générales

  • Ce quiz a été pris 184 fois
  • Le résultat moyen est 16 sur 24

Statistiques - réponses

POSTECLUBNUMEROJOUEUR% Correct
GReal Madrid1Iker Casillas
98%
DEFReal Madrid15Sergio Ramos
98%
MILFC Barcelone6Andrés Iniesta
97%
MILFC Barcelone8Xavi
95%
DEFFC Barcelone3Gerard Piqué
91%
DEFFC Barcelone5Carles Puyol
89%
ATTValence CF7David Villa
88%
ATTChelsea9Fernando Torres
88%
MILFC Barcelone16Sergio Busquets
88%
GFC Barcelone12Victor Valdés
88%
ATTFC Barcelone18Pedro
74%
MILReal Madrid14Xabi Alonso
73%
MILFC Barcelone10Cesc Fàbregas
69%
GLiverpool23Pepe Reina
64%
DEFReal Madrid17Álvaro Arbeloa
51%
COACH--Vicente del Bosque
49%
MILChelsea13Juan Mata
47%
MILValence CF21David Silva
46%
DEFFC Séville22Jesús Navas
44%
DEFVillarreal11Joan Capdevilla
40%
DEFReal Madrid2Raúl Albiol
40%
ATTAthletic Bilbao19Fernando Llorente
22%
MILAthletic Bilbao20Javi Martínez
14%
DEFValence CF4Carlos Marchena
6%

Distribution des résultats

Percentile par nombre de réponses

% des personnes avec chaque résultat

Votre développement - résultats

Vous n’avez pas pris ce quiz